[Event "50059_3e_Open_A_des_Herbiers_2020"]
[Site "85 - LES HERBIERS"]
[Date "2020.01.05"]
[Round "5.1"]
[White "Maugin, Narada"]
[Black "Flachet, Thierry"]
[Result "0-1"]
[WhiteElo "1916"]
[BlackElo "2064"]
[Annotator "jeanluc"]
[PlyCount "128"]
[EventDate "2020.??.??"]
[WhiteTeam "L'Echiquier Angevin"]
[BlackTeam "Cercle d'échecs des Sables d'Olonne"]

1. e4 e6 2. d4 d5 3. Nc3 Nf6 4. Bd3 c5 5. exd5 Nxd5 6. Nxd5 Qxd5 7. Nf3 cxd4 8.
O-O Nc6 9. Re1 Bc5 10. b3 h6 11. Be4 Qd6 12. Bb2 Bd7 13. Bxc6 Bxc6 14. Nxd4
O-O-O 15. Nxc6 Qxc6 16. Qe2 Rd5 17. Rad1 Rg5 18. Qe4 Qxe4 19. Rxe4 Rd8 20.
Rxd8+ Kxd8 21. Re5 {(=)} Rxe5 22. Bxe5 f6 23. Bb2 b5 24. Kf1 Kd7 25. g4 Kd6 26.
Ke2 Kd5 27. f3 Bd4 28. Ba3 f5 29. Kd3 Be5 30. h3 g6 31. Bb4 h5 32. c4+ bxc4+
33. bxc4+ Kc6 34. Ke3 a6 35. Kd3 Bc7 36. Ba3 e5 37. Bb4 Kd7 38. Bd2 Ke6 39. Bg5
Bb6 40. Bh4 Bc5 41. Bd8 Bf2 42. Bc7 Bg3 43. Bd8 Bh2 44. Bb6 Kd6 45. Bf2 e4+ 46.
Ke3 Ke5 47. gxf5 Bf4+ 48. Ke2 gxf5 49. Bb6 Bc1 50. fxe4 Kxe4 51. Ba7 Bb2 52.
Bf2 f4 53. Bg1 f3+ 54. Kf1 Bd4 55. Bf2 Be5 56. Bb6 Bd4 57. Bxd4 Kxd4 58. Kf2
Kxc4 59. Kxf3 Kb4 60. Ke2 Ka3 61. Kd2 Kxa2 62. Kc2 a5 63. Kc3 Kb1 64. Kb3 Kc1
0-1

[Event "50059_3e_Open_A_des_Herbiers_2020"]
[Site "85 - LES HERBIERS"]
[Date "2020.01.05"]
[Round "5.2"]
[White "Jaulin, Philippe"]
[Black "Cassard, Maxime"]
[Result "1-0"]
[WhiteElo "2084"]
[BlackElo "1860"]
[PlyCount "87"]
[EventDate "2020.??.??"]
[WhiteTeam "Cercle d'échecs des Sables d'Olonne"]
[BlackTeam "Jade Echecs - Pornic"]

1. e4 e5 2. Nf3 Nc6 3. Bc4 Bc5 4. O-O Nf6 5. c3 d6 6. d4 exd4 7. cxd4 Bb6 8. h3
Nxe4 9. Nc3 Nxc3 10. Re1+ Be6 11. bxc3 d5 12. Bd3 h6 13. a4 O-O 14. Bc2 Qd7 15.
Qd3 f5 16. Re2 Rf6 17. Bf4 Na5 18. Rae1 Nc4 19. Be5 Nxe5 20. Rxe5 Raf8 21. Qe2
Bf7 22. Re7 Qc8 23. Nh4 c5 24. Qd3 g6 25. Qg3 Bd8 26. R7e2 Kh7 27. Qd3 Re6 28.
Nf3 Rfe8 29. Ne5 cxd4 30. Nxf7 Rxe2 31. Rxe2 Rxe2 32. Qxe2 Bf6 33. cxd4 Bxd4
34. Nd6 Qd7 35. Nb5 Bf6 36. Nxa7 Qc7 37. Nb5 Qc5 38. g4 Qc8 39. gxf5 gxf5 40.
Nd6 Qc6 41. Bxf5+ Kg7 42. Qe6 Qc1+ 43. Kg2 Qg5+ 44. Kf3 1-0

[Event "50059_3e_Open_A_des_Herbiers_2020"]
[Site "85 - LES HERBIERS"]
[Date "2020.01.05"]
[Round "5.3"]
[White "Lambert, Thomas"]
[Black "Perrin, Antoine"]
[Result "1-0"]
[WhiteElo "1974"]
[BlackElo "1913"]
[PlyCount "103"]
[EventDate "2020.??.??"]
[WhiteTeam "Rennes Paul Bert"]
[BlackTeam "Jade Echecs - Pornic"]

1. e4 c5 2. Nf3 d6 3. d4 cxd4 4. Nxd4 Nf6 5. Nc3 a6 6. Be3 e6 7. f3 b5 8. Qd2
Nbd7 9. g4 Nb6 10. a4 b4 11. Na2 Qc7 12. a5 Nc4 13. Bxc4 Qxc4 14. g5 Nd7 15.
Qxb4 Qxb4+ 16. Nxb4 d5 17. Nd3 dxe4 18. fxe4 Bb7 19. Rf1 Bxe4 20. Ke2 Be7 21.
Ra4 O-O 22. b4 Rab8 23. c3 Bd6 24. h4 Rfc8 25. Rc1 e5 26. Nb3 Bc6 27. Raa1 Bb5
28. Kd2 Rc4 29. Rh1 Bc6 30. Rh3 Rg4 31. Rg1 Rxg1 32. Bxg1 e4 33. Ndc5 Nxc5 34.
Bxc5 Be5 35. Bd4 Rd8 36. Ke3 Bd6 37. Rh1 Ba4 38. Nd2 Bc2 39. Rc1 Bd3 40. Nxe4
Bc4 41. Nd2 Re8+ 42. Kf3 Bd5+ 43. Kf2 h6 44. gxh6 gxh6 45. Rg1+ Kf8 46. c4 Bxb4
47. cxd5 Bxd2 48. Bc5+ Re7 49. Rb1 Be3+ 50. Bxe3 Re5 51. Bxh6+ Kg8 52. Rd1 1-0

[Event "50059_3e_Open_A_des_Herbiers_2020"]
[Site "85 - LES HERBIERS"]
[Date "2020.01.05"]
[Round "5.4"]
[White "Poplin, David"]
[Black "Henry, Florent"]
[Result "0-1"]
[WhiteElo "1682"]
[BlackElo "1965"]
[PlyCount "120"]
[EventDate "2020.??.??"]
[WhiteTeam "Club d'Echecs de la Bruffière"]
[BlackTeam "Cercle d'échecs des Sables d'Olonne"]

1. e4 c6 2. d4 d5 3. Nc3 dxe4 4. Nxe4 Nd7 5. Ng5 Ngf6 6. Bd3 h6 7. Ne6 Qb6 8.
Nxf8 Nxf8 9. c3 Bg4 10. Ne2 O-O-O 11. Qc2 Ne6 12. Ng3 Nc7 13. h3 Be6 14. Nf5
Bxf5 15. Bxf5+ e6 16. Bd3 Qa5 17. Bf4 Qd5 18. O-O Nh5 19. Bh2 Qg5 20. f4 Qh4
21. f5 Ng3 22. Rf3 Nxf5 23. Bxf5 exf5 24. Qxf5+ Rd7 25. Re3 Qg5 26. Qxg5 hxg5
27. Rae1 Ne6 28. Be5 Rhd8 29. Rd1 c5 30. Red3 f6 31. Bg3 cxd4 32. Rc1 Rd5 33.
cxd4+ Kd7 34. Rc4 b5 35. Rc1 Rc8 36. Rxc8 Kxc8 37. Bf2 Kd7 38. Kf1 a5 39. g3
Kd6 40. Ke2 g6 41. a3 f5 42. Rc3 Nxd4+ 43. Bxd4 Rxd4 44. Rc8 Kd5 45. Rg8 Re4+
46. Kd2 Re6 47. Kd3 f4 48. gxf4 gxf4 49. Rd8+ Rd6 50. Rb8 Ke5+ 51. Ke2 Rd5 52.
h4 Kf5 53. Rf8+ Kg4 54. Rg8 g5 55. hxg5 Rxg5 56. Rd8 Kg3 57. Kf1 Rc5 58. Rd3+
f3 59. Rd1 Rh5 60. Ke1 Rh1+ 0-1

[Event "50059_3e_Open_A_des_Herbiers_2020"]
[Site "85 - LES HERBIERS"]
[Date "2020.01.05"]
[Round "5.5"]
[White "Limousin, Eric"]
[Black "Rineau, Nathan"]
[Result "1/2-1/2"]
[WhiteElo "1719"]
[BlackElo "1652"]
[PlyCount "105"]
[EventDate "2020.??.??"]
[WhiteTeam "Club Echecs La Roche sur Yon"]
[BlackTeam "Club d'Echecs de Gorges - Clisson"]

1. d4 f5 2. c4 Nf6 3. Nc3 e6 4. g3 d5 5. cxd5 exd5 6. Bg2 c6 7. Nf3 Bd6 8. O-O
O-O 9. e3 Ne4 10. Ne1 b6 11. f3 Nxc3 12. bxc3 Re8 13. Nd3 Bb7 14. Qc2 g6 15. c4
Na6 16. c5 bxc5 17. dxc5 Bf8 18. Rb1 Rb8 19. e4 Nc7 20. exf5 gxf5 21. Nf4 Ba6
22. Rxb8 Qxb8 23. Rd1 Qb4 24. h4 Qxc5+ 25. Qxc5 Bxc5+ 26. Kh2 Be3 27. Nh5 Kf7
28. Bb2 d4 29. g4 f4 30. g5 Kg6 31. Nf6 Rd8 32. Bh3 c5 33. Ne4 c4 34. Bg4 c3
35. h5+ Kf7 36. Bxc3 Be2 37. Re1 Bxf3 38. Bxf3 dxc3 39. Re2 Nb5 40. Rc2 Nd4 41.
Rxc3 Nxf3+ 42. Kg2 Ne1+ 43. Kf1 Nf3 44. Rc7+ Kf8 45. Rxa7 Nd2+ 46. Nxd2 Rxd2
47. g6 Rd6 48. Ra8+ Kg7 49. Ra7+ Kg8 50. Rf7 Rd1+ 51. Ke2 Rh1 52. Rf5 Kg7 53.
Rf7+ 1/2-1/2

[Event "50059_3e_Open_A_des_Herbiers_2020"]
[Site "85 - LES HERBIERS"]
[Date "2020.01.05"]
[Round "5.6"]
[White "Cristescu, Florin"]
[Black "Barbot, Dominique"]
[Result "1-0"]
[WhiteElo "1918"]
[BlackElo "1783"]
[PlyCount "101"]
[EventDate "2020.??.??"]
[WhiteTeam "Cavalier Noir les Herbiers Echecs"]
[BlackTeam "Rois et Dames des Trois Cites"]

1. g4 c5 2. Bg2 Nc6 3. c4 d6 4. g5 e5 5. d3 Be7 6. h4 h6 7. Nf3 hxg5 8. Nxg5
Nf6 9. Nc3 Bd7 10. Nd5 Nh7 11. Nxh7 Rxh7 12. h5 Rb8 13. h6 gxh6 14. Nxe7 Nxe7
15. Rxh6 Rxh6 16. Bxh6 Bc6 17. Bxc6+ Nxc6 18. Qd2 Qh4 19. O-O-O Qxf2 20. Be3
Qf5 21. Rg1 Kd7 22. a3 Rh8 23. b4 b6 24. b5 Na5 25. Qd1 Rh2 26. Bd2 Nb7 27. Rh1
Qh3 28. Rxh2 Qxh2 29. Qf1 Qh5 30. Qg2 Nd8 31. a4 e4 32. Qxe4 Qe5 33. Qxe5 dxe5
34. a5 Ne6 35. a6 f5 36. Bh6 Ke7 37. Bd2 f4 38. Bc3 Kf6 39. Kd2 Kf5 40. Ke1 Nc7
41. Kf2 Ne6 42. Kf3 Ng5+ 43. Kg2 Ne6 44. Kh3 Ng5+ 45. Kh4 f3 46. exf3 Nxf3+ 47.
Kg3 Ng5 48. Ba5 e4 49. Bxb6 exd3 50. Kf2 Ke4 51. Bxc5 1-0